000 00696nam a2200289Ia 4500
005 20260324125502.0
008 008 260324s9999 xx 000 0 eng d
020 _a9780203880333
037 _aEBOOK
040 _aCRL
040 _beng
040 _cCRL
041 _2eng
041 _aeng
084 _qCRL
100 _aAnna M. Agathangelou; L.H.M. Ling
_91178155
245 0 _aTransforming World Politics
245 0 _bFrom Empire to Multiple Worlds
260 _bTaylor and Francis
260 _c2009
365 _a
365 _b230
856 _uhttp://www.taylorfrancis.com/books/9780203880333
942 _cEBOOK
999 _c1773478
_d1773478